000 00852nam0a22002771 4500
001 RU\NLR\BIBL_A\012789134
005 20251201175815.6
035 _a(NLR Aleph) 012789134
090 _a13147479
_c13147479
100 _a20220517d1990 u y0rusy50 ca
101 0 _akor
_arus
102 _aRU
105 _aa z 000zy
200 1 _a인민의 위훈
210 _a모스크바
_c아뻬엔출판사
_d1990
210 _aМосква
_cАПН
_d1990
_7ca
215 _a54 с
_cил
510 1 _aИнмин-ый вихун
_7ca
513 1 _aВеликий подвиг народа
700 1 _aГалицан
_bА.С.
_gАнатолий Сергеевич
_4070
701 1 _aШапалин
_bН.В.
_gНиколай Васильевич
_4070
852 _aNLR
_bОЛСАА-кор
_j2-2787
942 _cBOOK
980 _aNB
980 1 _aKOR